000 00842nam a2200229 a 4500
001 48137
003 BD-RjUL
005 20211209054451.0
008 160811s2007 bg ||||| |||| 00| 0 ben d
020 _c: Tk. 225.00
035 _a(BD-RjUL)48256
040 _aBD-RjUL
_bben
_cBD-RjUL
041 _aben
082 _223
_a891.4409
_bIQS 2007
100 _aইকবাল, শহীদ
_9145859
245 1 0 _aসাহিত্যের চিত্র-চরিত্র /
_cশহীদ ইকবাল
260 _aঢাকা :
_bমিজানুর রহমান,
_c২০০৭
300 _a১৬৩ পৃ. ;
_c১৯ সেমি.
650 _aবাংলা সাহিত্য
_xইতিহাস অ সমালোচনা
_9145860
650 _aBengali Literature
_xHistory and Criticism
_9145861
942 _2ddc
_cBK
999 _c48137
_d48137